LEADER 01149cam0 22003371i 450 001 990008103400403321 005 20211129123831.0 010 $a88-7107-0240 035 $a000810340 035 $aFED01000810340 035 $a(Aleph)000810340FED01 035 $a000810340 100 $a20050503d1989----km-y0itay50------ba 101 0 $aita 102 $aIT 105 $ay-------001yy 200 1 $aServizio Bibliotecario Nazionale$edizionario dei dati presenti nell'archivio-titoli e nell'archivio-autori$f[a cura di Maria Lucia Di Geso] 210 $aRoma$cICCU$d1989 215 $aVI, 92 p.$d30 cm 300 $aIn testa al front.: Istituto Centrale per il Catalogo Unico delle Biblioteche Italiane e per le Informazioni Bibliografiche 610 0 $aGestione bibliografica$aDati 610 0 $aServizio bibliotecario nazionale$aArchivi di dati 676 $a025.3177$v20$zita 702 1$aDi Geso,$bMaria Lucia$f<1950- > 801 0$aIT$bUNINA$gRICA$2UNIMARC 901 $aBK 912 $a990008103400403321 952 $aBIBL C 41$b12038$fFARBC 959 $aFARBC 996 $aServizio bibliotecario nazionale$9568240 997 $aUNINA LEADER 05090nas 2200781 n 450 001 990009071890403321 005 20240229084254.0 011 $a0042-1022 035 $a000907189 035 $aFED01000907189 035 $a(Aleph)000907189FED01 035 $a000907189 091 $2CNR$aP 00008722 100 $a20090724a19329999km-y0itaa50------ba 101 0 $aita 102 $aIT 110 $aauu-------- 200 1 $aUrbanistica 207 1$a1932- 210 $aTorino$cINU Edizioni 326 $aQuadrimestrale 421 0$1001000907192$12001$aUrbanistica informazioni 421 0$12001$aUrbanistica. Quaderni 530 0 $aUrbanistica 675 $a711 675 $a301 675 $a71/72 676 $a307.1 712 02$aIstituto nazionale di urbanistica 801 0$aIT$bACNP$c20090723 859 4 $uhttp://acnp.cib.unibo.it/cgi-ser/start/it/cnr/dc-p1.tcl?catno=4141&person=false&language=ITALIANO&libr=&libr_th=unina1$zBiblioteche che possiedono il periodico 901 $aSE 912 $a990009071890403321 958 $aBiblioteca del Dipartimento di Diritto dell'Economia. Università di Napoli Federico II$b1985-1987;$e1/188$fDEC 958 $aBRAU. Biblioteca di Ricerca di Area Umanistica$b1990;1995-$eSP - Per. it. 303$fFLFBC 958 $aBiblioteca Interdipartimentale "Marcello Canino" dell'Università "Federico II"$b1941-1943;1949-1974;1976-1984;1986-1987;1989-$c1943;1961;1989;$fDARPU 958 $aBiblioteca Centralizzata. Facoltà di Architettura dell'Università Federico II$b1934-1938;1942-1943;1949-1983;1985-$c1943;1959;$eS.P. XXIX-XXX$fFARBC 958 $aBiblioteca Centralizzata. Facoltà di Architettura dell'Università Federico II$b1934-1938;1942-1943;1949-1983;1985-$c1943;1959;$eSEZ.RARI XVII/B$fFARBC 958 $aBiblioteca. Dipartimento di Storia dell'Architettura e Restauro$b1958-1963;1965-1972;1976;$fDARST 958 $aBiblioteca. Dipartimento di Pianificazione e Scienza del Territorio della Federico II di Napoli$b1949-$c1951-1956;$fDINST 958 $aBiblioteca Centrale "F. Gasparini". Facoltà di Ingegneria. Università degli Studi di Napoli "Federico II"$b1939-1943;1949-1977;1979-2015;$edXXVIIg2; IXe4$fFINBC FINAG 958 $aBiblioteca del dipartimento di Ingeneria Edile dell'Università.$b1935-1942;1949-1956;$c1939;1941-1942;1951-1956;$fDINED 958 $aBiblioteca Dip. di Diritto Costituzionale Italiano e Comparato$b1956-1968;$c1959;$ePer. est. 6$fDDCIC 958 $aNucleo Bibliotecario di Geografia.Facoltà di Lettere e Filosofia.Università degli Studi di Napoli Federico II$b1949-1973;1976-1983;1985-1990;$ePER IT 22$fILFGE 959 $aDEC 959 $aFLFBC 959 $aDARPU 959 $aFARBC 959 $aDARST 959 $aDINST 959 $aFINBC 959 $aFINAG 959 $aDINED 959 $aDDCIC 959 $aILFGE 996 $aUrbanistica$961622 997 $aUNINA AP1 8 $6866-01$aNA032 Biblioteca del Dipartimento di Diritto dell'Economia. Università di Napoli Federico II$b1/188$evia Cintia, Compl. Univ. Monte S. Angelo, 80126 Napoli (NA)$m081 675190 081 675122$m081 675123$nit AP1 8 $6866-02$aNA072 BRAU. Biblioteca di Ricerca di Area Umanistica$bSP - Per. it. 303$ePiazza Bellini 56/60, 80133 Napoli (NA)$m(081) 2533948$nit AP1 8 $6866-03$aNA080 Biblioteca Interdipartimentale "Marcello Canino" dell'Università "Federico II"$evia Forno Vecchio 36, 80134 Napoli (NA)$m0812538758$m0812538717$nit AP1 8 $6866-04$aNA088 Biblioteca Centralizzata. Facoltà di Architettura dell'Università Federico II$b1 - VIII - 1...$eVia Monteoliveto,3. Palazzo Gravina, 80134 Napoli (NA)$m0812538081$m0812538023$nit AP1 8 $6866-05$aNA089 Biblioteca. Dipartimento di Storia dell'Architettura e Restauro$eVia Monteoliveto, 3, 80134 Napoli (NA)$m0812538077$m0812538010$nit AP1 8 $6866-06$aNA102 Biblioteca. Dipartimento di Pianificazione e Scienza del Territorio dell'Università Federico II di Napoli (Sez. di Ortopedia)$ep.le Tecchio,80, Napoli (NA)$m(081) 7682318$m(081) 7682309$nit AP1 8 $6866-07$aNA104 Biblioteca Centrale "F. Gasparini". Facoltà di Ingegneria. Università degli Studi di Napoli "Federico II"$bdXXVIIg2; IXe4$ep.le Tecchio,80, 80125 Napoli (NA)$m0817682190;0817682195$m0817682188$nit AP1 8 $6866-08$aNA107 Biblioteca del dipartimento di Ingeneria Edile dell'Università.$ep.le Tecchio,80, Napoli (NA)$m(081) 7682129; fax 7682134$nit AP1 8 $6866-09$aNA213 Biblioteca Dip. di Diritto Costituzionale Italiano e Comparato$bPer. est. 6$eVia nuova Marina, 33, 80133 Napoli (NA)$m081/2536449-2536439$m081/2536436$nit AP1 8 $6866-10$aNA239 Nucleo Bibliotecario di Geografia.Facoltà di Lettere e Filosofia.Università degli Studi di Napoli Federico II$bPER IT 22$evia Rodinò 22/Largo S. Marcellino 10, 80138 Napoli (NA)$m0812538238$nit AP2 40$aacnp.cib.unibo.it$nACNP Italian Union Catalogue of Serials$uhttp://acnp.cib.unibo.it/cgi-ser/start/it/cnr/df-p.tcl?catno=4141&language=ITALIANO&libr=&person=&B=1&libr_th=unina&proposto=NO LEADER 02023oas 2200589z- 450 001 9910573812703321 005 20230829024126.0 035 $a(CKB)5850000000031683 035 $a(EXLCZ)995850000000031683 100 $a20230314a1996uuuu sy| b 101 0 $afre 181 $2rdacontent 182 $2rdamedia 183 $2rdacarrier 200 00$aBabel. Littératures plurielles 210 $aFrance$cUniversité de Toulon$d1996 311 08$a2743-2742 330 $aDevoted to research and scholarship in language and literature. 517 3 $aBabel. Littératures 517 3 $aBabel (En ligne) 517 3 $aBabel. Littératures 606 $aSocial sciences$xPeriodicals$2fast$3(OCoLC)fst001122939 606 $aHumanities$xPeriodicals$2fast$3(OCoLC)fst0096361 606 $aFrench language$2fast$3(OCoLC)fst00934333 606 $aFrench literature$2fast$3(OCoLC)fst00934688 606 $aEnglish literature$2fast$3(OCoLC)fst00911989 606 $aEnglish language$2fast$3(OCoLC)fst00910920 606 $aSpanish language$2fast$3(OCoLC)fst01128292 606 $aSpanish literature$2fast$3(OCoLC)fst01128568 606 $aItalian language$2fast$3(OCoLC)fst00980480 606 $aItalian literature$2fast$3(OCoLC)fst00980660 606 $aLiterature$xStudy and teaching$2fast$3(OCoLC)fst01000024 607 $aFrance$2fast 608 $aElectronic journals 608 $aPeriodicals.$2fast 615 7$aSocial sciences$xPeriodicals. 615 7$aHumanities$xPeriodicals. 615 7$aFrench language. 615 7$aFrench literature. 615 7$aEnglish literature. 615 7$aEnglish language. 615 7$aSpanish language. 615 7$aSpanish literature. 615 7$aItalian language. 615 7$aItalian literature. 615 7$aLiterature$xStudy and teaching. 676 $a440.9944 712 02$aLaboratoire Babel, 906 $aJOURNAL 912 $a9910573812703321 996 $aBabel: Littératures Plurielles$92963182 997 $aUNINA